000 00504nam a2200181 i 4500
001 44099
003 ES-MaACL
005 20240510111441.0
007 t|
008 030320s1905 fr ||||1| fre d
100 1 _aCirot, Georges.
_938902
245 1 0 _aMariana historien /
_cpar Georges Cirot.
260 _aBordeaux :
_bG. Gouhouilhou,
_c1905.
300 _aXIV, 481 p., 1 lám. ;
_c25 cm.
600 1 4 _aMariana, Juan de,
_d1536-1624
_976675
852 _aES-MaACL
_jF-6735
999 _c44099
_d44099